| 000 | 00426cam a2200169 4500 | ||
|---|---|---|---|
| 001 | D14330 | ||
| 008 | 090401t1900 xxu||||| |||| 00| 0 eng d | ||
| 035 | _a(Sirsi) u94699 | ||
| 041 | _aeng | ||
| 110 |
_aVictorian Institute of Surveyors _93171 |
||
| 245 | _aTransactions and proceedings Vol IV 1891-1899 | ||
| 260 |
_aMelbourne _bStephens _c1900 |
||
| 350 | _a0 | ||
| 520 | _aShelf 136 | ||
| 942 | _n0 | ||
| 948 | _c04/03/1997 | ||
| 999 |
_c98132 _d98132 |
||